[Event "4NCL Division 2c"]
[Site "Telford, ENG"]
[Date "2017.03.05"]
[Round "8.13"]
[White "Edgell, Ben P"]
[Black "Stepanyan, Henrik"]
[Result "1-0"]
[WhiteElo "2120"]
[BlackElo "2192"]
[PlyCount "77"]
[EventDate "2017.03.05"]
[WhiteTeam "West is Best 1"]
[BlackTeam "Warwickshire Select 1"]

1. Nf3 Nf6 2. g3 d5 3. Bg2 c5 4. O-O Nc6 5. d4 e6 6. c4 Be7 7. cxd5 exd5 8. Nc3
O-O 9. Bg5 c4 10. Ne5 Be6 11. Nxc6 bxc6 12. b3 Qa5 13. Na4 Rad8 14. e3 Rc8 15.
Bxf6 gxf6 16. bxc4 dxc4 17. Qc2 Rfd8 18. Nc3 f5 19. Rfd1 Bf6 20. Rac1 Kh8 21.
Na4 f4 22. Nc5 fxe3 23. fxe3 Qa3 24. Qf2 Bg5 25. Re1 Rb8 26. Rc2 Rb5 27. Nxe6
fxe6 28. Bxc6 Rf5 29. Qe2 Rdf8 30. Be4 R5f7 31. Rxc4 Rf2 32. Qxf2 Rxf2 33. Kxf2
Qxa2+ 34. Rc2 Qb3 35. Rc8+ Kg7 36. Rc7+ Kf8 37. Rxh7 a5 38. Kg2 Qb2+ 39. Kh3
1-0

[Event "4NCL Division 2c"]
[Site "Telford, ENG"]
[Date "2017.03.05"]
[Round "8.14"]
[White "Mason, Donald J"]
[Black "Bullen, Alex"]
[Result "1/2-1/2"]
[WhiteElo "2137"]
[BlackElo "2098"]
[PlyCount "21"]
[EventDate "2017.03.05"]
[WhiteTeam "Warwickshire Select 1"]
[BlackTeam "West is Best 1"]

1. e4 c6 2. c4 d5 3. exd5 cxd5 4. cxd5 Nf6 5. Qa4+ Nbd7 6. Nc3 g6 7. d4 Bg7 8.
Be2 O-O 9. Bf3 Nb6 10. Qb3 Bg4 11. Bxg4 1/2-1/2

[Event "4NCL Division 2c"]
[Site "Telford, ENG"]
[Date "2017.03.05"]
[Round "8.15"]
[White "Stephens, John KF"]
[Black "Brooks, Phil J"]
[Result "0-1"]
[WhiteElo "2125"]
[BlackElo "2165"]
[PlyCount "84"]
[EventDate "2017.03.05"]
[WhiteTeam "West is Best 1"]
[BlackTeam "Warwickshire Select 1"]

1. e4 e6 2. d4 d5 3. Nc3 Bb4 4. e5 Ne7 5. a3 Bxc3+ 6. bxc3 b6 7. Qg4 Ng6 8. h4
h5 9. Qg3 Ba6 10. Bxa6 Nxa6 11. Nf3 Nb8 12. Ng5 Qd7 13. O-O Nc6 14. Re1 Nge7
15. Qf4 Nf5 16. Be3 Na5 17. Nf3 Qa4 18. Rec1 Nc4 19. Ne1 Ncxe3 20. fxe3 Qc6 21.
Rab1 Qxc3 22. Rb3 Qd2 23. Rcb1 Qe2 24. Rc3 O-O-O 25. a4 Kb7 26. a5 Rh6 27. Nd3
Rg6 28. Qf2 Qxf2+ 29. Kxf2 Nxh4 30. g3 Nf5 31. Nc5+ Ka8 32. Na6 Rc8 33. Nxc7+
Kb7 34. axb6 axb6 35. Nb5 Rxc3 36. Nxc3 Nxg3 37. Na4 Ne4+ 38. Ke2 Rg2+ 39. Kf1
Nd2+ 40. Kxg2 Nxb1 41. Nb2 Na3 42. c3 Nc4 0-1

[Event "4NCL Division 2c"]
[Site "Telford, ENG"]
[Date "2017.03.05"]
[Round "8.16"]
[White "Shephard, Chris C W"]
[Black "Martin, Peter"]
[Result "1-0"]
[WhiteElo "2182"]
[BlackElo "2082"]
[PlyCount "77"]
[EventDate "2017.03.05"]
[WhiteTeam "Warwickshire Select 1"]
[BlackTeam "West is Best 1"]

1. c4 e5 2. Nc3 f5 3. g3 Nf6 4. Bg2 Be7 5. d3 d6 6. f4 O-O 7. Nh3 Qe8 8. Nf2
Nc6 9. Be3 Bd8 10. Qd2 a6 11. Nd5 Rb8 12. O-O Nd4 13. Rae1 c6 14. Nxf6+ Rxf6
15. fxe5 dxe5 16. Bxd4 exd4 17. Qf4 Ra8 18. Qxd4 Ba5 19. Rb1 Qxe2 20. b4 Bc7
21. Rbe1 Qh5 22. Re7 Bd6 23. Rfe1 Bxe7 24. Rxe7 Qg6 25. Nh3 Rf8 26. Nf4 Qf6 27.
Qe3 g6 28. h4 Rd8 29. Kh2 Bd7 30. Qc5 b6 31. Qe3 Rab8 32. b5 axb5 33. cxb5 Re8
34. Rxe8+ Bxe8 35. d4 cxb5 36. Nd5 Qd6 37. Qg5 Kg7 38. Nf4 Qf6 39. Nh5+ 1-0

[Event "4NCL Division 2c"]
[Site "Telford, ENG"]
[Date "2017.03.05"]
[Round "8.17"]
[White "Littlejohns, David P"]
[Black "Baruch, Andrew J D"]
[Result "1/2-1/2"]
[WhiteElo "2005"]
[BlackElo "2098"]
[PlyCount "72"]
[EventDate "2017.03.05"]
[WhiteTeam "West is Best 1"]
[BlackTeam "Warwickshire Select 1"]

1. e4 Nf6 2. e5 Nd5 3. c4 Nb6 4. d4 d6 5. exd6 cxd6 6. Be3 g6 7. Nc3 Bg7 8. Nf3
O-O 9. Be2 Bg4 10. O-O Nc6 11. b3 d5 12. c5 Nc8 13. h3 Bxf3 14. Bxf3 e6 15. Rc1
N8e7 16. Qd2 Nf5 17. Ne2 Nh4 18. Bg5 Nxf3+ 19. gxf3 Bf6 20. Bxf6 Qxf6 21. Kg2
a5 22. Rfd1 Ne7 23. Qf4 Qxf4 24. Nxf4 Nf5 25. Ne2 Rfc8 26. Rc3 Kf8 27. Ng3 Ne7
28. Ne2 h5 29. Rdc1 Ke8 30. f4 Nf5 31. Kf1 Kd7 32. Ke1 Kc6 33. Kd2 Ne7 34. Kd3
b5 35. cxb6+ Kxb6 36. Rxc8 Rxc8 1/2-1/2

[Event "4NCL Division 2c"]
[Site "Telford, ENG"]
[Date "2017.03.05"]
[Round "8.18"]
[White "Phillips, David"]
[Black "Fowler, Hugo"]
[Result "1-0"]
[WhiteElo "1787"]
[BlackElo "1553"]
[PlyCount "103"]
[EventDate "2017.03.05"]
[WhiteTeam "Warwickshire Select 1"]
[BlackTeam "West is Best 1"]

1. Nf3 Nf6 2. b3 g6 3. Bb2 Bg7 4. e3 O-O 5. Be2 c5 6. c4 Nc6 7. O-O d6 8. d3 a6
9. Nc3 Rb8 10. Qd2 b5 11. cxb5 axb5 12. d4 b4 13. Na4 cxd4 14. Nxd4 Bd7 15.
Nxc6 Bxc6 16. Rfc1 Bxa4 17. bxa4 Ne4 18. Qc2 Bxb2 19. Qxb2 Nc3 20. Bd1 Qa5 21.
Qb3 Rfc8 22. Bg4 Rc5 23. Bd1 Rbc8 24. Kf1 Nxa4 25. Rcb1 Nc3 26. Bg4 R8c7 27.
Rc1 Qb5+ 28. Ke1 Na4 29. Rcb1 Nc3 30. Rc1 Qa4 31. Rxc3 Qa5 32. Rxc5 Qxc5 33.
Bf3 Qe5 34. Rd1 Qc5 35. Kf1 Ra7 36. Rb1 Rc7 37. g3 Qf5 38. Kg2 Rc2 39. e4 Qc5
40. Rf1 Rc3 41. Qd5 Qb6 42. e5 Qa6 43. exd6 exd6 44. Re1 Rd3 45. Re8+ Kg7 46.
Qe4 Rd2 47. Qxb4 Qxa2 48. Qc3+ Kh6 49. Qe3+ Kg7 50. g4 h6 51. Qc3+ f6 52. Re7+
1-0

[Event "4NCL Division 2c"]
[Site "Telford, ENG"]
[Date "2017.03.05"]
[Round "8.21"]
[White "Graham, David B"]
[Black "Bisby, Daniel L"]
[Result "0-1"]
[WhiteElo "2184"]
[BlackElo "2303"]
[PlyCount "86"]
[EventDate "2017.03.05"]
[WhiteTeam "Sussex Martlets 1"]
[BlackTeam "Cambridge University 1"]

1. e4 g6 2. d4 Bg7 3. Nf3 d6 4. Nc3 Nf6 5. Be2 O-O 6. O-O c6 7. a4 Nbd7 8. Bg5
h6 9. Be3 Ng4 10. Bf4 e5 11. dxe5 dxe5 12. Bg3 Qe7 13. Qd2 Ngf6 14. Rad1 Nh5
15. Bc4 Nxg3 16. hxg3 Qb4 17. Bb3 Nc5 18. Qd6 a5 19. Nd2 Be6 20. Bxe6 Nxe6 21.
Nb3 Nd4 22. Qxb4 axb4 23. Nxd4 bxc3 24. Nb3 cxb2 25. a5 b6 26. axb6 Rfb8 27.
Rd3 Rxb6 28. Rb1 Ra2 29. f3 h5 30. Kf2 Bh6 31. Ke2 Kg7 32. Kd1 Bc1 33. c4 Rb4
34. Rc3 Raa4 35. Nxc1 Ra1 36. Kc2 bxc1=Q+ 37. Rxc1 Ra2+ 38. Kd3 Rxg2 39. Ke3
Rbb2 40. c5 Rxg3 41. R1c2 Rg2 42. Rxb2 Rxb2 43. Rc1 h4 0-1

[Event "4NCL Division 2c"]
[Site "Telford, ENG"]
[Date "2017.03.05"]
[Round "8.22"]
[White "Kalavannan, Koby"]
[Black "Norton, David S"]
[Result "1-0"]
[WhiteElo "2163"]
[BlackElo "2170"]
[PlyCount "107"]
[EventDate "2017.03.05"]
[WhiteTeam "Cambridge University 1"]
[BlackTeam "Sussex Martlets 1"]

1. d4 d6 2. Nf3 Nf6 3. c4 Nbd7 4. Nc3 e5 5. e4 Be7 6. Bd3 c6 7. h3 Qc7 8. O-O
O-O 9. Be3 Re8 10. d5 Nc5 11. Bc2 a5 12. a3 Bf8 13. Rb1 g6 14. b4 Ncd7 15. Qd2
axb4 16. axb4 Nb6 17. Qe2 Nh5 18. c5 Nd7 19. Qc4 Nf4 20. Bb3 Nf6 21. Rfe1 Qd7
22. Bxf4 exf4 23. dxc6 bxc6 24. Ng5 Ra7 25. cxd6 Qxd6 26. Nxf7 Qxb4 27. Nd6+
Qxc4 28. Bxc4+ Kg7 29. Nxe8+ Nxe8 30. e5 Nc7 31. Rb6 Bf5 32. Rxc6 Bb4 33. Rc1
Bd7 34. Rf6 Be8 35. Rxf4 Ra3 36. Nb1 Ra1 37. Bf1 Nd5 38. Rd4 Bf7 39. Rdd1 Be6
40. Bc4 Nf4 41. Bxe6 Nxe6 42. Nc3 Ra5 43. Nd5 Bc5 44. Nf6 Bd4 45. Rxd4 Nxd4 46.
Rc7+ Kh6 47. h4 g5 48. h5 g4 49. Rxh7+ Kg5 50. Rg7+ Kf5 51. Nxg4 Ne6 52. Ne3+
Kxe5 53. Nc4+ Kf6 54. Rg6+ 1-0

[Event "4NCL Division 2c"]
[Site "Telford, ENG"]
[Date "2017.03.05"]
[Round "8.23"]
[White "Grant, David J"]
[Black "Bukojemski, Adam"]
[Result "0-1"]
[WhiteElo "2091"]
[BlackElo "2209"]
[PlyCount "75"]
[EventDate "2017.03.05"]
[WhiteTeam "Sussex Martlets 1"]
[BlackTeam "Cambridge University 1"]

1. e4 c5 2. Nc3 e6 3. Nf3 Nc6 4. d4 cxd4 5. Nxd4 a6 6. g3 Qb6 7. Nb3 Qc7 8. Bg2
b5 9. O-O d6 10. Be3 Nf6 11. f4 Bb7 12. Qe2 Be7 13. Rad1 O-O 14. g4 b4 15. Na4
Nd7 16. Qf2 Rac8 17. Rd2 g5 18. fxg5 Nce5 19. Nb6 Nxg4 20. Nxc8 Nxf2 21. Nxe7+
Kh8 22. Rdxf2 Ne5 23. g6 Qxe7 24. Bh6 hxg6 25. Bxf8 Qxf8 26. Nd4 Qc8 27. Nf3
Ng4 28. Re2 a5 29. Rfe1 Qc5+ 30. Kh1 Ba6 31. h3 Bxe2 32. Rxe2 Ne3 33. Ne1 Nxg2
34. Rxg2 Qc4 35. Nd3 Qxe4 36. b3 e5 37. Kh2 f5 38. Rg3 0-1

[Event "4NCL Division 2c"]
[Site "Telford, ENG"]
[Date "2017.03.05"]
[Round "8.24"]
[White "Spencer, Carl J"]
[Black "Willson, Ollie"]
[Result "1-0"]
[WhiteElo "2120"]
[BlackElo "2039"]
[PlyCount "121"]
[EventDate "2017.03.05"]
[WhiteTeam "Cambridge University 1"]
[BlackTeam "Sussex Martlets 1"]

1. e4 c5 2. Nf3 e6 3. d4 cxd4 4. Nxd4 Nc6 5. Nc3 Qc7 6. Be3 Nf6 7. Ndb5 Qb8 8.
f4 a6 9. e5 axb5 10. exf6 gxf6 11. Nxb5 b6 12. Be2 d5 13. O-O f5 14. c3 Bc5 15.
Qd2 Bd7 16. b4 Bxe3+ 17. Qxe3 Ne7 18. h4 Rg8 19. h5 Nc8 20. Nd4 Nd6 21. Bd3 Kf8
22. Rf2 Ne8 23. Re1 Qd6 24. Nf3 Nf6 25. Ne5 Ng4 26. Nxg4 Rxg4 27. Be2 Rg8 28.
Bf3 Rc8 29. Rd1 Qc7 30. Rc1 Qd6 31. Rd2 Bb5 32. Rd4 Bc4 33. a4 Bb3 34. Bd1 Bxd1
35. Rcxd1 Qc6 36. c4 dxc4 37. Rd8+ Ke7 38. R1d7+ Qxd7 39. Rxd7+ Kxd7 40. Qc3
Ke7 41. a5 b5 42. a6 Rc7 43. Qe5 Rgc8 44. g4 f6 45. Qc3 fxg4 46. Qc2 Kd6 47.
Qd2+ Ke7 48. Qc2 e5 49. fxe5 fxe5 50. a7 Kd6 51. Qd2+ Ke6 52. Qh6+ Kf5 53. Qb6
c3 54. a8=Q c2 55. Qf2+ Kg5 56. Qe3+ Kf6 57. Qa6+ Kf7 58. Qf2+ Ke8 59. Qe6+ Kd8
60. Qff6+ Re7 61. Qexe7# 1-0

[Event "4NCL Division 2c"]
[Site "Telford, ENG"]
[Date "2017.03.05"]
[Round "8.25"]
[White "Tebbs, Howard L"]
[Black "Lee, Richard W Y"]
[Result "1/2-1/2"]
[WhiteElo "2094"]
[BlackElo "2153"]
[PlyCount "71"]
[EventDate "2017.03.05"]
[WhiteTeam "Sussex Martlets 1"]
[BlackTeam "Cambridge University 1"]

1. d4 d5 2. Bf4 e6 3. e3 Nf6 4. c3 Bd6 5. Nf3 O-O 6. Nbd2 b6 7. Ne5 Bb7 8. Bd3
c5 9. Qf3 Nc6 10. Qh3 Be7 11. Ndf3 Ne4 12. Nxc6 Bxc6 13. Ne5 Bd7 14. f3 Nf6 15.
Ng4 g6 16. Nh6+ Kg7 17. Be5 Re8 18. g4 Kf8 19. O-O a5 20. Rf2 Bc8 21. f4 Ba6
22. Bc2 Bd6 23. Bxf6 Qxf6 24. g5 Qg7 25. Ng4 Be7 26. Qh4 h5 27. Ne5 Ra7 28. Qg3
Bd6 29. h4 Rc8 30. Kg2 Kg8 31. Qf3 Rac7 32. Rd1 cxd4 33. exd4 Bc4 34. Nxc4 Rxc4
35. Bd3 R4c7 36. a4 1/2-1/2

[Event "4NCL Division 2c"]
[Site "Telford, ENG"]
[Date "2017.03.05"]
[Round "8.26"]
[White "Beckett, Chris J"]
[Black "Norinkeviciute, Rasa"]
[Result "0-1"]
[WhiteElo "2174"]
[BlackElo "1990"]
[PlyCount "86"]
[EventDate "2017.03.05"]
[WhiteTeam "Cambridge University 1"]
[BlackTeam "Sussex Martlets 1"]

1. d4 Nf6 2. c4 e6 3. g3 Bb4+ 4. Bd2 Be7 5. Bg2 d5 6. Nf3 O-O 7. O-O c5 8. cxd5
exd5 9. Nc3 Nc6 10. Bg5 Ne4 11. Bxe7 Nxe7 12. Rc1 Nxc3 13. Rxc3 c4 14. b3 b5
15. bxc4 dxc4 16. e4 Rb8 17. d5 Bg4 18. Qc2 Bxf3 19. Rxf3 Ng6 20. Rf5 Qc8 21.
e5 b4 22. Be4 a5 23. d6 Qe6 24. f4 b3 25. axb3 cxb3 26. Qd3 Qc8 27. Kg2 a4 28.
Rb1 Rb4 29. h4 h5 30. Rxh5 Nxf4+ 31. gxf4 Qg4+ 32. Kf1 Qxh5 33. d7 Qxh4 34. Qe3
b2 35. Ke2 Qh2+ 36. Kf1 Rb3 37. Qd4 Qxf4+ 38. Ke2 Qh2+ 39. Kf1 Qf4+ 40. Ke2
Qh2+ 41. Kf1 Qh3+ 42. Ke2 Rd8 43. Bc6 a3 0-1

[Event "4NCL Division 2c"]
[Site "Telford, ENG"]
[Date "2017.03.05"]
[Round "8.27"]
[White "Graham, Cassie M"]
[Black "Stanisz, Patryk"]
[Result "0-1"]
[WhiteElo "1852"]
[BlackElo "2073"]
[PlyCount "164"]
[EventDate "2017.03.05"]
[WhiteTeam "Sussex Martlets 1"]
[BlackTeam "Cambridge University 1"]

1. e4 c5 2. Nc3 Nc6 3. f4 g6 4. Nf3 Bg7 5. Bc4 a6 6. d3 b5 7. Bb3 d6 8. O-O e6
9. a4 b4 10. Ne2 Nge7 11. Qe1 Qb6 12. Kh1 Na5 13. Qh4 Nxb3 14. cxb3 h6 15. Be3
Nc6 16. Nd2 Bf8 17. Rac1 Bd7 18. Qf2 Qb7 19. Rc2 Be7 20. Qf3 Qa7 21. Qf2 Qb8
22. Ng3 h5 23. h3 Qd8 24. e5 dxe5 25. fxe5 O-O 26. Nc4 f6 27. Bh6 Rf7 28. Ne4
Nd4 29. Ng5 f5 30. Nxf7 Kxf7 31. Be3 Nxc2 32. Qxc2 Bc6 33. Rd1 Qd5 34. d4 Rd8
35. Rd2 Qe4 36. Qxe4 Bxe4 37. dxc5 Bd5 38. Nd6+ Kg7 39. Rd3 Rd7 40. Bd2 a5 41.
Be3 g5 42. Kg1 f4 43. Bd4 Kg6 44. Kf1 g4 45. Kg1 Bd8 46. Bf2 Rg7 47. hxg4 hxg4
48. Rd4 Kg5 49. Nc4 Bc7 50. Be1 Kf5 51. Bd2 Bxe5 52. Nxe5 Kxe5 53. Rxf4 Bxb3
54. Kf2 g3+ 55. Ke2 Bxa4 56. Be3 Bb5+ 57. Ke1 Bc6 58. Kf1 Rd7 59. Ke2 Bxg2 60.
Rg4 Bc6 61. Rxg3 Rh7 62. Bf2 Kd5 63. Rd3+ Kc4 64. Re3 Bd5 65. Rg3 a4 66. Kd2
Rh2 67. Ke2 Rh1 68. Rg4+ Kb5 69. Rg3 Rb1 70. Bd4 Rc1 71. Kd2 Rh1 72. Bf2 Ra1
73. Bd4 Bb3 74. Ke3 Re1+ 75. Kf2 Re4 76. Be3 Bc2 77. Rg5 Kc6 78. Rg1 b3 79. Ra1
Rc4 80. Ke2 Bf5 81. Kf3 e5 82. Rd1 Bg4+ 0-1

[Event "4NCL Division 2c"]
[Site "Telford, ENG"]
[Date "2017.03.05"]
[Round "8.28"]
[White "Robertson, J Stuart"]
[Black "Sutton, Daniel"]
[Result "1-0"]
[WhiteElo "2107"]
[BlackElo "1830"]
[PlyCount "115"]
[EventDate "2017.03.05"]
[WhiteTeam "Cambridge University 1"]
[BlackTeam "Sussex Martlets 1"]

1. d4 Nf6 2. c4 g6 3. Nc3 d5 4. cxd5 Nxd5 5. e4 Nxc3 6. bxc3 Bg7 7. Bc4 O-O 8.
Ne2 c5 9. O-O Nc6 10. Be3 Bg4 11. f3 Na5 12. Bd3 cxd4 13. cxd4 Be6 14. d5 Bxa1
15. Qxa1 f6 16. Bh6 Re8 17. Kh1 Bd7 18. e5 Rc8 19. Ng3 Nc4 20. Bxc4 Rxc4 21.
Ne4 Bf5 22. exf6 Qxd5 23. fxe7 Qd4 24. Nf6+ Kf7 25. Nxe8 Kxe8 26. Qxd4 Rxd4 27.
Re1 Bd7 28. Bg5 b5 29. Kg1 Rc4 30. Re2 Bf5 31. g4 Bd7 32. Rd2 Rc5 33. Bf6 Rc6
34. g5 a6 35. Kf2 Rc4 36. Kg3 a5 37. h4 Rc1 38. h5 Rh1 39. hxg6 hxg6 40. Kf4 a4
41. a3 Rh3 42. Rd1 Rh2 43. Rd4 Rh1 44. Ke5 Re1+ 45. Kf4 Rh1 46. Kg3 Rh5 47. Kg2
Rh7 48. Re4 Bh3+ 49. Kg3 Bd7 50. Re1 Rh5 51. Kf4 Rh2 52. Bc3 Rh3 53. Bb4 Bc6
54. Re3 Bb7 55. Rd3 Kf7 56. Rd8 Rh4+ 57. Ke5 Rxb4 58. e8=Q+ 1-0

[Event "4NCL Division 2c"]
[Site "Telford, ENG"]
[Date "2017.03.05"]
[Round "8.31"]
[White "Purton, Ben J"]
[Black "Carleton, John J"]
[Result "1/2-1/2"]
[WhiteElo "2103"]
[BlackElo "2290"]
[PlyCount "25"]
[EventDate "2017.03.05"]
[WhiteTeam "Grantham Sharks 2"]
[BlackTeam "Spirit of Atticus A"]

1. e4 c6 2. d4 d5 3. exd5 cxd5 4. c4 Nf6 5. Nc3 Nc6 6. Bg5 dxc4 7. d5 Na5 8.
Bxc4 Nxc4 9. Qa4+ Bd7 10. Qxc4 Rc8 11. Qb3 Qa5 12. Nf3 Ne4 13. O-O 1/2-1/2

[Event "4NCL Division 2c"]
[Site "Telford, ENG"]
[Date "2017.03.05"]
[Round "8.32"]
[White "Lund, D Brett"]
[Black "Milson, Samuel A"]
[Result "1/2-1/2"]
[WhiteElo "2287"]
[BlackElo "2092"]
[PlyCount "38"]
[EventDate "2017.03.05"]
[WhiteTeam "Spirit of Atticus A"]
[BlackTeam "Grantham Sharks 2"]

1. c4 e5 2. g3 Nf6 3. Bg2 h6 4. Nc3 Bb4 5. e4 Bxc3 6. bxc3 O-O 7. d3 d6 8. Nf3
Nbd7 9. Nd2 a6 10. O-O b5 11. d4 c5 12. d5 Qa5 13. Qc2 Nb6 14. Rb1 Bd7 15. Re1
bxc4 16. Bf1 Ba4 17. Qb2 Bb5 18. Qc2 Ba4 19. Qb2 Bb5 1/2-1/2

[Event "4NCL Division 2c"]
[Site "Telford, ENG"]
[Date "2017.03.05"]
[Round "8.33"]
[White "Varnam, Liam D"]
[Black "Mitchell, Martin"]
[Result "0-1"]
[WhiteElo "2104"]
[BlackElo "2207"]
[PlyCount "60"]
[EventDate "2017.03.05"]
[WhiteTeam "Grantham Sharks 2"]
[BlackTeam "Spirit of Atticus A"]

1. e4 d6 2. d4 Nf6 3. Nc3 g6 4. Nf3 Bg7 5. Bc4 O-O 6. Qe2 Bg4 7. h3 Bxf3 8.
Qxf3 Nc6 9. Be3 e5 10. dxe5 dxe5 11. Bc5 Re8 12. Rd1 Nd4 13. Qd3 Nd7 14. Ba3 c6
15. Ne2 b5 16. Bb3 c5 17. Bd5 Rb8 18. b4 Nb6 19. Nxd4 exd4 20. Bc6 Re6 21. Bxb5
c4 22. Bxc4 Nxc4 23. Qxc4 Rxe4+ 24. Kf1 Qe8 25. Qd3 Rb6 26. g3 Rbe6 27. Kg2 Qc6
28. Kh2 Re2 29. Rd2 Rxd2 30. Qxd2 Qf3 0-1

[Event "4NCL Division 2c"]
[Site "Telford, ENG"]
[Date "2017.03.05"]
[Round "8.34"]
[White "House, Glenn L"]
[Black "Kafka, Graeme"]
[Result "1/2-1/2"]
[WhiteElo "2201"]
[BlackElo "2030"]
[PlyCount "100"]
[EventDate "2017.03.05"]
[WhiteTeam "Spirit of Atticus A"]
[BlackTeam "Grantham Sharks 2"]

1. Nf3 d5 2. g3 Nf6 3. Bg2 Bf5 4. d3 e6 5. O-O Be7 6. Nbd2 h6 7. b3 Nbd7 8. Bb2
O-O 9. Qe1 Bh7 10. e4 c6 11. e5 Ne8 12. Qe2 a5 13. a4 Nc7 14. Bh3 c5 15. Ne1
Re8 16. f4 f6 17. Nef3 f5 18. Bg2 Na6 19. Nb1 Bg6 20. Nfd2 Qb6 21. Kh1 Rac8 22.
Na3 Nb4 23. Rfc1 Nc6 24. c3 Na7 25. Nb5 Nxb5 26. axb5 Qxb5 27. c4 dxc4 28. dxc4
Qa6 29. Bc3 b6 30. Nb1 Red8 31. Na3 Qa7 32. Rd1 Nf8 33. Nb5 Qb8 34. Nd6 Bxd6
35. exd6 Rxd6 36. Rxd6 Qxd6 37. Rd1 Qe7 38. Qd2 Bh5 39. Qd6 Rc7 40. Rd2 Qxd6
41. Rxd6 Rd7 42. Rxd7 Nxd7 43. Bc6 Nf6 44. Be5 Bd1 45. Ba4 Ne4 46. Bc7 Nd2 47.
Bxb6 Bxb3 48. Bxa5 Bxa4 49. Bxd2 Bb3 50. Be3 Bxc4 1/2-1/2

[Event "4NCL Division 2c"]
[Site "Telford, ENG"]
[Date "2017.03.05"]
[Round "8.35"]
[White "Batchelor, Guy J"]
[Black "Ivell, Nicholas W"]
[Result "0-1"]
[WhiteElo "1946"]
[BlackElo "2186"]
[PlyCount "96"]
[EventDate "2017.03.05"]
[WhiteTeam "Grantham Sharks 2"]
[BlackTeam "Spirit of Atticus A"]

1. e4 c5 2. Nc3 Nc6 3. Bb5 Nd4 4. Bc4 g6 5. Nge2 Nxe2 6. Qxe2 Bg7 7. d3 a6 8.
a4 e6 9. O-O Ne7 10. f4 O-O 11. Qf3 d6 12. g4 f5 13. Be3 fxg4 14. Qe2 Kh8 15.
Bb3 h5 16. Qd2 Qc7 17. Rf2 Bd7 18. Raf1 Rae8 19. Ne2 d5 20. f5 gxf5 21. Bh6 Qe5
22. Qg5 Qf6 23. Bxg7+ Qxg7 24. Qxh5+ Qh7 25. Qg5 Rf7 26. exd5 Nxd5 27. Bxd5
exd5 28. Ng3 Ref8 29. Qe3 Kg8 30. Rf4 d4 31. Qe5 b6 32. Qd5 Kh8 33. b3 a5 34.
Qe5+ Qg7 35. Qxg7+ Kxg7 36. R4f2 Kg6 37. Re1 Re8 38. Rxe8 Bxe8 39. Re2 Bd7 40.
Kf2 Kg5 41. Re5 Kf6 42. Re1 Rh7 43. Kg1 Bc6 44. Nf1 f4 45. Nd2 g3 46. Nf1 gxh2+
47. Nxh2 Rg7+ 48. Kf1 f3 0-1

[Event "4NCL Division 2c"]
[Site "Telford, ENG"]
[Date "2017.03.05"]
[Round "8.36"]
[White "Jackson, Sheila"]
[Black "Summerscale, Claire E"]
[Result "1-0"]
[WhiteElo "2136"]
[BlackElo "1886"]
[PlyCount "63"]
[EventDate "2017.03.05"]
[WhiteTeam "Spirit of Atticus A"]
[BlackTeam "Grantham Sharks 2"]

1. e4 c6 2. d4 d5 3. Nc3 dxe4 4. Nxe4 Bf5 5. Ng3 Bg6 6. h4 h6 7. h5 Bh7 8. Nf3
Nf6 9. Bd3 Bxd3 10. Qxd3 e6 11. Bd2 Bd6 12. Ne4 Nxe4 13. Qxe4 Nd7 14. O-O-O Nf6
15. Qe2 Qc7 16. g3 O-O-O 17. c4 c5 18. Bc3 b6 19. Kb1 Qb7 20. Rh4 Rhe8 21. b3
a5 22. Kc2 Bc7 23. dxc5 bxc5 24. Rxd8+ Rxd8 25. Ne5 Bxe5 26. Qxe5 Qa7 27. Rh1
a4 28. f3 Kb7 29. Rb1 Kc6 30. b4 cxb4 31. Qb5+ Kc7 32. Be5+ 1-0

[Event "4NCL Division 2c"]
[Site "Telford, ENG"]
[Date "2017.03.05"]
[Round "8.37"]
[White "Munshi, Aditya"]
[Black "Bimpson, Tom"]
[Result "1/2-1/2"]
[WhiteElo "1803"]
[BlackElo "2099"]
[PlyCount "80"]
[EventDate "2017.03.05"]
[WhiteTeam "Grantham Sharks 2"]
[BlackTeam "Spirit of Atticus A"]

1. c4 d6 2. d4 e5 3. Nc3 exd4 4. Qxd4 Nc6 5. Qd2 Nf6 6. b3 Be7 7. e4 a5 8. Bd3
Ne5 9. f4 Nxd3+ 10. Qxd3 c6 11. Ba3 d5 12. Bxe7 Qxe7 13. e5 dxc4 14. bxc4 O-O
15. Nge2 Ng4 16. h3 Nh6 17. O-O Bf5 18. Qe3 Rfd8 19. Rad1 Bc2 20. Rxd8+ Rxd8
21. Nd4 Nf5 22. Nxf5 Bxf5 23. Ne4 Bxe4 24. Qxe4 Qc5+ 25. Kh2 h6 26. e6 fxe6 27.
Qxe6+ Kh8 28. Re1 b5 29. cxb5 cxb5 30. Re5 Qb4 31. Qf7 Rf8 32. Re8 Rxe8 33.
Qxe8+ Kh7 34. Kg3 Qc4 35. Qd7 b4 36. Qf5+ Kh8 37. Qxa5 b3 38. axb3 Qxb3+ 39.
Kf2 Qc2+ 40. Kf3 Qd3+ 1/2-1/2

[Event "4NCL Division 2c"]
[Site "Telford, ENG"]
[Date "2017.03.05"]
[Round "8.38"]
[White "Ackley, Peter J E"]
[Black "David, Ivan"]
[Result "1/2-1/2"]
[WhiteElo "1993"]
[BlackElo "1883"]
[PlyCount "31"]
[EventDate "2017.03.05"]
[WhiteTeam "Spirit of Atticus A"]
[BlackTeam "Grantham Sharks 2"]

1. g3 e5 2. Bg2 c6 3. c4 Nf6 4. d4 exd4 5. Qxd4 Na6 6. Nc3 Bc5 7. Qe5+ Qe7 8.
Qxe7+ Bxe7 9. Nh3 Nb4 10. O-O d5 11. cxd5 Nbxd5 12. Bd2 O-O 13. Nf4 Nxf4 14.
Bxf4 Be6 15. Rfd1 Rfd8 16. Be3 1/2-1/2

[Event "4NCL Division 2c"]
[Site "Telford, ENG"]
[Date "2017.03.05"]
[Round "8.41"]
[White "Swindells, Jonathan E"]
[Black "Sreeves, Clement"]
[Result "1/2-1/2"]
[WhiteElo "2312"]
[BlackElo "2380"]
[PlyCount "75"]
[EventDate "2017.03.05"]
[WhiteTeam "The ADs"]
[BlackTeam "Alba"]

1. e4 c5 2. Nc3 Nc6 3. f4 g6 4. Nf3 Bg7 5. Bc4 e6 6. O-O Nge7 7. d3 d5 8. Bb3
O-O 9. a4 b6 10. Qe1 Nd4 11. Nxd4 cxd4 12. Nd1 dxe4 13. dxe4 Ba6 14. Rf3 Rc8
15. Nf2 Bc4 16. Nd3 Bxb3 17. cxb3 Rc2 18. Nb4 Rc7 19. Bd2 Qd7 20. Rh3 f5 21. e5
Rfc8 22. Na6 Rc2 23. Nb4 R2c7 24. Na6 Rb7 25. Rd3 Nc6 26. b4 Bf8 27. b5 Nb8 28.
Bb4 Nxa6 29. bxa6 Rbc7 30. Bxf8 Rxf8 31. Qb4 Qc8 32. Rxd4 Rc1+ 33. Rxc1 Qxc1+
34. Kf2 Rc8 35. Rd2 Rc2 36. Rxc2 Qxc2+ 37. Kg3 Qd3+ 38. Kf2 1/2-1/2

[Event "4NCL Division 2c"]
[Site "Telford, ENG"]
[Date "2017.03.05"]
[Round "8.42"]
[White "Greet, Andrew N"]
[Black "Wheeler, Darren P"]
[Result "1-0"]
[WhiteElo "2447"]
[BlackElo "2260"]
[PlyCount "89"]
[EventDate "2017.03.05"]
[WhiteTeam "Alba"]
[BlackTeam "The ADs"]

1. d4 e6 2. c4 Nf6 3. g3 d5 4. Nf3 c5 5. cxd5 exd5 6. Bg2 Nc6 7. O-O Be7 8.
dxc5 Bxc5 9. Qc2 Be7 10. Rd1 Be6 11. Nc3 Qa5 12. Ng5 Rd8 13. Nxe6 fxe6 14. a3
O-O 15. Bh3 Kf7 16. e3 Ne5 17. Qe2 Qa6 18. Qxa6 bxa6 19. Bf1 a5 20. Nb5 Bc5 21.
Kg2 Rb8 22. b4 axb4 23. axb4 Bxb4 24. Rxa7+ Kg8 25. Nd4 Rb6 26. Ra6 Rxa6 27.
Bxa6 Kf7 28. Bb2 Ned7 29. Nf3 Ke7 30. Bd3 Bd6 31. Ra1 e5 32. Nh4 g6 33. Bxg6
hxg6 34. Nxg6+ Ke6 35. Nxf8+ Bxf8 36. Ra6+ Kf5 37. f3 Bc5 38. g4+ Kg5 39. Bc1
e4 40. Kg3 exf3 41. h4+ Kg6 42. g5 Kf5 43. gxf6 Nxf6 44. Kxf3 Be7 45. Ba3 1-0

[Event "4NCL Division 2c"]
[Site "Telford, ENG"]
[Date "2017.03.05"]
[Round "8.43"]
[White "Snape, Ian L"]
[Black "Berry, Neil"]
[Result "1/2-1/2"]
[WhiteElo "2282"]
[BlackElo "2291"]
[PlyCount "92"]
[EventDate "2017.03.05"]
[WhiteTeam "The ADs"]
[BlackTeam "Alba"]

1. e4 e6 2. d4 d5 3. Nc3 Bb4 4. e5 c5 5. a3 Ba5 6. b4 cxd4 7. Qg4 Kf8 8. bxa5
dxc3 9. Nf3 Nc6 10. a4 Nge7 11. Ba3 Kg8 12. h4 h5 13. Qf4 Ng6 14. Qg3 Qxa5 15.
Bd3 Nce7 16. O-O Nf5 17. Qg5 Bd7 18. Rfb1 Qc7 19. Bd6 Qc8 20. Rb3 Rh6 21. Bxf5
exf5 22. Raa3 Nf8 23. Rxc3 Qe8 24. Bxf8 Kxf8 25. Rc7 Rc8 26. Rac3 Bc6 27. Rxc8
Qxc8 28. Nd4 Rg6 29. Qxh5 Kg8 30. e6 Qe8 31. exf7+ Qxf7 32. Qxf5 Qxf5 33. Nxf5
Kf7 34. Nd4 Rg4 35. Nxc6 bxc6 36. a5 Ra4 37. Rc5 Ke7 38. Rxc6 Rxa5 39. g4 Ra3
40. g5 Ra4 41. Rc7+ Kf8 42. Rd7 Rxh4 43. Rxd5 Rc4 44. Ra5 Rxc2 45. Rxa7 Rc5 46.
f3 Rxg5+ 1/2-1/2